Capcom's NES Games by Screen Shot - Statistics

General Stats
  • This quiz has been taken 28 times
  • The average score is 9 of 16
Answer Stats
Picture Answer % Correct
Mega Man
100%
DuckTales
89%
The Little Mermaid
82%
Chip 'N' Dale: Rescue Rangers
71%
Ghosts N' Goblins
71%
Mighty Final Fight
71%
Strider
61%
Street Fighter 2010: The Final Fight
57%
Commando
50%
Little Nemo The Dream Master
50%
Gun.Smoke
39%
Snow Bros.
39%
Willow
39%
Legendary Wings
36%
G.I. Joe: The Atlantis Factor
29%
Code Name: Viper
25%
No matching quizzes found
Score Distribution
Percent of People with Each Score
Percentile by Number Answered
Your Score History
You have not taken this quiz